Online Catalogue and eLibrary

Ravindranath Tagoorge Ranwan bottuwa (Record no. 5160)

MARC details
000 -LEADER
fixed length control field 00410nam a2200157Ia 4500
005 - DATE AND TIME OF LATEST TRANSACTION
control field 20250317013052.0
008 - FIXED-LENGTH DATA ELEMENTS--GENERAL INFORMATION
fixed length control field 240331s9999 xx 000 0 und d
020 ## - INTERNATIONAL STANDARD BOOK NUMBER
ISBN 9552006201
082 ## - DDC Classification
Item Number - Author Mark BAS
Class No. 800
100 ## - MAIN ENTRY--PERSONAL NAME
Personal name Bastian,H
245 #0 - TITLE STATEMENT
Title Ravindranath Tagoorge Ranwan bottuwa
260 ## - PUBLICATION, DISTRIBUTION, ETC.
Place of publication, distribution, etc. Colombo
Name of publisher, distributor, etc. S Godake & Sons
Date of publication, distribution, etc. 1992
300 ## - PHYSICAL DESCRIPTION
Extent (e.g. Volumes, Pages etc.) 135 p .,
500 ## - GENERAL NOTE
General note short Stories By Ravindranaath Dahoor
942 ## - Koha item type (Biblio)
Koha item type Books in Stacks (Lending)
Holdings
Lost status Damaged status Collection code Home library Current library Shelving location Date acquired Full call number Accession Number Item type
    Lending WERC Library WERC Library Social Science Cupboard 03/31/2024 800 BAS 1371 Books in Stacks (Lending)

© WERC Library